Sports Quiz

Random Sports or Clickable Quiz
Score 0/30 Timer 03:00
3 Plays Today
% Correct
SYAJ
83.4%
XOS
82.4%
XOSE
82.3%
SKCABD
82.1%
SEEK
81%
SRE
79.2%
STN
76.6%
SLAN
75.1%
SER
75.1%
SR
74.2%
SNAI
73.9%
SEIK
73.7%
SET
73.7%
SB
73.5%
SLANO
72.7%
% Correct
SEIL
72.6%
SLE
72.2%
SNI
72.2%
SCIT
71.7%
SELO
71.7%
SD
71.3%
SLA
70%
SOR
69.8%
SEV
69.8%
ST
69.5%
SREW
69.1%
SREN
68.4%
SREG
64.9%
SNIL
62.3%
SY
61.7%
Remove Ads.
Support Sporcle.
Get the best of Sporcle when you Go Orange. This ad-free experience offers more features, more stats, and more fun while also helping to support Sporcle. Thank you for becoming a member.

You're not logged in!

Compare scores with friends on all Sporcle quizzes.
OR
Log In

Show Comments

Extras

Top Quizzes Today


Score Distribution

Your Account Isn't Verified!

In order to create a playlist on Sporcle, you need to verify the email address you used during registration. Go to your Sporcle Settings to finish the process.

Report this User

Report this user for behavior that violates our Community Guidelines.

Details: